Robert Who? Quiz Stats

 Plays Quiz Updated Jan 2, 2019

     
Support Sporcle.
Go Orange.
Score 0/15 Timer 05:00
1 Play Today
% Correct
Robert Pattinson
95.6%
Robert Downey, Jr.
95.2%
Bob Barker
91%
Robert De Niro
90.9%
Rob Schneider
87.1%
Bob Saget
84.3%
Robert Shaw
83.9%
Robert Redford
81.2%
% Correct
Robert Guillaume
80.7%
Robert Patrick
79.6%
Rob Lowe
76.2%
Robert Duvall
68.3%
Rob Riggle
67.4%
Robert Wagner
67.3%
Bo Burnham
58.8%

From the Vault

15 Seconds: Friends

by Flick

We thank the one who just aggressively clapped for 15 seconds straight.
Remove Ads.
Support Sporcle.
Get the best of Sporcle when you Go Orange. This ad-free experience offers more features, more stats, and more fun while also helping to support Sporcle. Thank you for becoming a member.

Show Comments

Extras

Top Quizzes Today


Score Distribution

Your Account Isn't Verified!

In order to create a playlist on Sporcle, you need to verify the email address you used during registration. Go to your Sporcle Settings to finish the process.

Report this User

Report this user for behavior that violates our Community Guidelines.

Details: